<?xml version="1.0" encoding="UTF-8"?>
<record
    xmlns:xsi="http://www.w3.org/2001/XMLSchema-instance"
    xsi:schemaLocation="http://www.loc.gov/MARC21/slim http://www.loc.gov/standards/marcxml/schema/MARC21slim.xsd"
    xmlns="http://www.loc.gov/MARC21/slim">

  <leader>00725cam a2200229Ia 4500</leader>
  <datafield tag="020" ind1=" " ind2=" ">
    <subfield code="a">9789251076415</subfield>
  </datafield>
  <datafield tag="020" ind1=" " ind2=" ">
    <subfield code="a">9251076413</subfield>
  </datafield>
  <datafield tag="040" ind1=" " ind2=" ">
    <subfield code="c">UAB</subfield>
  </datafield>
  <datafield tag="082" ind1=" " ind2=" ">
    <subfield code="a">633 FAO 2013 C323 Or.</subfield>
  </datafield>
  <datafield tag="100" ind1="1" ind2=" ">
    <subfield code="a">Howeler, R. H</subfield>
  </datafield>
  <datafield tag="245" ind1="1" ind2="0">
    <subfield code="a">Save and grow :</subfield>
    <subfield code="b">cassava : a guide to sustainable production intensification /</subfield>
  </datafield>
  <datafield tag="246" ind1="3" ind2="0">
    <subfield code="a">Cassava</subfield>
  </datafield>
  <datafield tag="260" ind1=" " ind2=" ">
    <subfield code="a">Rome :</subfield>
    <subfield code="b">Food and Agriculture Organization of the United Nations,</subfield>
    <subfield code="c">2013</subfield>
  </datafield>
  <datafield tag="300" ind1=" " ind2=" ">
    <subfield code="a">x, 129 p. :</subfield>
    <subfield code="b">col. ill., col. map ;</subfield>
    <subfield code="c">26 cm</subfield>
  </datafield>
  <datafield tag="650" ind1=" " ind2="0">
    <subfield code="a">Cassava</subfield>
  </datafield>
  <datafield tag="650" ind1=" " ind2="0">
    <subfield code="a">Agricultural systems</subfield>
  </datafield>
  <datafield tag="650" ind1=" " ind2="0">
    <subfield code="a">Sustainable agriculture</subfield>
  </datafield>
  <datafield tag="700" ind1="1" ind2=" ">
    <subfield code="a">Lutaladio, NeBambi</subfield>
  </datafield>
  <datafield tag="700" ind1="1" ind2=" ">
    <subfield code="a">Thomas, Graeme</subfield>
  </datafield>
  <datafield tag="710" ind1="2" ind2=" ">
    <subfield code="a">Food and Agriculture Organization of the United Nations</subfield>
  </datafield>
  <datafield tag="942" ind1=" " ind2=" ">
    <subfield code="c">AEDBB</subfield>
  </datafield>
  <datafield tag="999" ind1=" " ind2=" ">
    <subfield code="c">20251</subfield>
    <subfield code="d">20251</subfield>
  </datafield>
  <datafield tag="952" ind1=" " ind2=" ">
    <subfield code="0">0</subfield>
    <subfield code="1">0</subfield>
    <subfield code="4">0</subfield>
    <subfield code="6">633_000000000000000_FAO_2013_C101_OR</subfield>
    <subfield code="7">0</subfield>
    <subfield code="9">90212</subfield>
    <subfield code="a">LBC</subfield>
    <subfield code="b">LBC</subfield>
    <subfield code="c">C101</subfield>
    <subfield code="d">2022-08-15</subfield>
    <subfield code="o">633 FAO 2013 C101 Or.</subfield>
    <subfield code="p">A069697</subfield>
    <subfield code="r">2022-08-15</subfield>
    <subfield code="y">AEDBB</subfield>
  </datafield>
  <datafield tag="952" ind1=" " ind2=" ">
    <subfield code="0">0</subfield>
    <subfield code="1">0</subfield>
    <subfield code="4">0</subfield>
    <subfield code="6">633_000000000000000_FAO_2013_C101_OR</subfield>
    <subfield code="7">0</subfield>
    <subfield code="9">90213</subfield>
    <subfield code="a">LBC</subfield>
    <subfield code="b">LBC</subfield>
    <subfield code="c">C101</subfield>
    <subfield code="d">2022-08-15</subfield>
    <subfield code="o">633 FAO 2013 C101 Or.</subfield>
    <subfield code="p">A069817</subfield>
    <subfield code="r">2022-08-15</subfield>
    <subfield code="y">AEDBB</subfield>
  </datafield>
  <datafield tag="952" ind1=" " ind2=" ">
    <subfield code="0">0</subfield>
    <subfield code="1">0</subfield>
    <subfield code="4">0</subfield>
    <subfield code="6">633_000000000000000_FAO_2013_C101_OR</subfield>
    <subfield code="7">0</subfield>
    <subfield code="9">90214</subfield>
    <subfield code="a">LBC</subfield>
    <subfield code="b">LBC</subfield>
    <subfield code="c">C101</subfield>
    <subfield code="d">2022-08-15</subfield>
    <subfield code="o">633 FAO 2013 C101 Or.</subfield>
    <subfield code="p">A069701</subfield>
    <subfield code="r">2022-08-15</subfield>
    <subfield code="y">AEDBB</subfield>
  </datafield>
  <datafield tag="952" ind1=" " ind2=" ">
    <subfield code="0">0</subfield>
    <subfield code="1">0</subfield>
    <subfield code="4">0</subfield>
    <subfield code="6">633_000000000000000_FAO_2013_C101_OR</subfield>
    <subfield code="7">0</subfield>
    <subfield code="9">92387</subfield>
    <subfield code="a">LBC</subfield>
    <subfield code="b">LBC</subfield>
    <subfield code="c">C101</subfield>
    <subfield code="d">2022-12-20</subfield>
    <subfield code="o">633 FAO 2013 C101 Or.</subfield>
    <subfield code="p">A069758</subfield>
    <subfield code="r">2022-12-20</subfield>
    <subfield code="y">AEDBB</subfield>
  </datafield>
  <datafield tag="952" ind1=" " ind2=" ">
    <subfield code="0">0</subfield>
    <subfield code="1">0</subfield>
    <subfield code="4">0</subfield>
    <subfield code="6">633_000000000000000_FAO_2013_C101_OR</subfield>
    <subfield code="7">0</subfield>
    <subfield code="9">92388</subfield>
    <subfield code="a">LBC</subfield>
    <subfield code="b">LBC</subfield>
    <subfield code="c">C101</subfield>
    <subfield code="d">2022-12-20</subfield>
    <subfield code="o">633 FAO 2013 C101 Or.</subfield>
    <subfield code="p">A069750</subfield>
    <subfield code="r">2022-12-20</subfield>
    <subfield code="y">AEDBB</subfield>
  </datafield>
  <datafield tag="952" ind1=" " ind2=" ">
    <subfield code="0">0</subfield>
    <subfield code="1">0</subfield>
    <subfield code="4">0</subfield>
    <subfield code="6">633_000000000000000_FAO_2013_C101_OR</subfield>
    <subfield code="7">0</subfield>
    <subfield code="9">92389</subfield>
    <subfield code="a">LBC</subfield>
    <subfield code="b">LBC</subfield>
    <subfield code="c">C101</subfield>
    <subfield code="d">2022-12-20</subfield>
    <subfield code="o">633 FAO 2013 C101 Or.</subfield>
    <subfield code="p">A069762</subfield>
    <subfield code="r">2022-12-20</subfield>
    <subfield code="y">AEDBB</subfield>
  </datafield>
  <datafield tag="952" ind1=" " ind2=" ">
    <subfield code="0">0</subfield>
    <subfield code="1">0</subfield>
    <subfield code="4">0</subfield>
    <subfield code="6">633_000000000000000_FAO_2013_C101_OR</subfield>
    <subfield code="7">0</subfield>
    <subfield code="9">92390</subfield>
    <subfield code="a">LBC</subfield>
    <subfield code="b">LBC</subfield>
    <subfield code="c">C101</subfield>
    <subfield code="d">2022-12-20</subfield>
    <subfield code="o">633 FAO 2013 C101 Or.</subfield>
    <subfield code="p">A069766</subfield>
    <subfield code="r">2022-12-20</subfield>
    <subfield code="y">AEDBB</subfield>
  </datafield>
  <datafield tag="952" ind1=" " ind2=" ">
    <subfield code="0">0</subfield>
    <subfield code="1">0</subfield>
    <subfield code="4">0</subfield>
    <subfield code="6">633_000000000000000_FAO_2013_C101_OR</subfield>
    <subfield code="7">0</subfield>
    <subfield code="9">92391</subfield>
    <subfield code="a">LBC</subfield>
    <subfield code="b">LBC</subfield>
    <subfield code="c">C101</subfield>
    <subfield code="d">2022-12-20</subfield>
    <subfield code="o">633 FAO 2013 C101 Or.</subfield>
    <subfield code="p">A069770</subfield>
    <subfield code="r">2022-12-20</subfield>
    <subfield code="y">AEDBB</subfield>
  </datafield>
  <datafield tag="952" ind1=" " ind2=" ">
    <subfield code="0">0</subfield>
    <subfield code="1">0</subfield>
    <subfield code="4">0</subfield>
    <subfield code="6">633_000000000000000_FAO_2013_C101_OR</subfield>
    <subfield code="7">0</subfield>
    <subfield code="9">92392</subfield>
    <subfield code="a">LBC</subfield>
    <subfield code="b">LBC</subfield>
    <subfield code="c">C101</subfield>
    <subfield code="d">2022-12-20</subfield>
    <subfield code="o">633 FAO 2013 C101 Or.</subfield>
    <subfield code="p">A069754</subfield>
    <subfield code="r">2022-12-20</subfield>
    <subfield code="y">AEDBB</subfield>
  </datafield>
  <datafield tag="952" ind1=" " ind2=" ">
    <subfield code="0">0</subfield>
    <subfield code="1">0</subfield>
    <subfield code="4">0</subfield>
    <subfield code="6">633_000000000000000_FAO_2013_C101_OR</subfield>
    <subfield code="7">0</subfield>
    <subfield code="9">92393</subfield>
    <subfield code="a">LBC</subfield>
    <subfield code="b">LBC</subfield>
    <subfield code="c">C101</subfield>
    <subfield code="d">2022-12-20</subfield>
    <subfield code="o">633 FAO 2013 C101 Or.</subfield>
    <subfield code="p">A069846</subfield>
    <subfield code="r">2022-12-20</subfield>
    <subfield code="y">AEDBB</subfield>
  </datafield>
  <datafield tag="952" ind1=" " ind2=" ">
    <subfield code="0">0</subfield>
    <subfield code="1">0</subfield>
    <subfield code="4">0</subfield>
    <subfield code="6">633_000000000000000_FAO_2013_C101_OR</subfield>
    <subfield code="7">0</subfield>
    <subfield code="9">92394</subfield>
    <subfield code="a">LBC</subfield>
    <subfield code="b">LBC</subfield>
    <subfield code="c">C101</subfield>
    <subfield code="d">2022-12-20</subfield>
    <subfield code="o">633 FAO 2013 C101 Or.</subfield>
    <subfield code="p">A069774</subfield>
    <subfield code="r">2022-12-20</subfield>
    <subfield code="y">AEDBB</subfield>
  </datafield>
</record>
